00795cam a2200217 a 450000500170000000800390001701000150005602000180007104000510008924500970014026000680023730000600030550400530036565000150041865000130043365000300044670000350047670000290051170000290054004100080056920170608110959.0101231s2011 enkad fr 001 0 eng a2011922687 a9780199574131 aCO-BoUCMbspacJose A. GerenadDiana Londoño00aCausality in the sciencesceditado por Phyllis McKay Illari, Frederica Russo, Jon Williamson aOxford (Oxfordshire, Inglaterra)bOxford University pressc2011 axiii, 938 páginasbilustraciones, cuadros, gráficas aIncluye referencias bibliográficas e índices 7aCausalidad 7aCiencias 7aFilosofía de la ciencia1 aIllari, Phyllis McKay.eeditor1 aRusso, Federica,eeditor1 aWilliamson, Jon.eeditor aeng